UBT Library

Management accounting / (Record no. 1151)

000 -LEADER
fixed length control field 00538nam a22001937a 4500
008 - FIXED-LENGTH DATA ELEMENTS--GENERAL INFORMATION
fixed length control field 150921b xxu||||| |||| 00| 0 eng d
020 ## - INTERNATIONAL STANDARD BOOK NUMBER
International Standard Book Number 0324002262
041 0# - LANGUAGE CODE
Language code of text/sound track or separate title eng
080 ## - UNIVERSAL DECIMAL CLASSIFICATION NUMBER
Universal Decimal Classification number 658.15
100 1# - Rafti
Rafti Hansen, Don R.
245 10 - TITLE STATEMENT
Title Management accounting /
Statement of responsibility, etc Don R. Hansen, Maryanne M. Mowen.
250 ## -
-- 5th ed.
260 ## -
-- Cincinnati :
-- South-Western College Publishing,
-- 2000.
300 ## -
-- xxiv, 850 f. :
-- me il.;
-- 29 cm.
650 0# -
-- Kontabilitet
650 0# -
-- Menaxhim
700 1# -
-- Mowen, Maryanne M.
942 ## - ADDED ENTRY ELEMENTS (KOHA)
Source of classification or shelving scheme
Item type Books
Holdings
Withdrawn status Lost status Source of classification or shelving scheme Damaged status Not for loan Collection code Permanent location Current location Shelving location Date acquired Total Checkouts Full call number Barcode Date last seen Koha item type
          Koleksioni i përgjithshem UBT - Lipjan UBT - Lipjan Koleksioni i përgjithshem 09/21/2015   658.15 MAR 002-007675 09/21/2015 Books
UBT Library © 2015-2024. All rights reserved University Education for Business and Technology